Nuevas orientaciones de la prueba

Guardat en:
Dades bibliogràfiques
Autor principal: Dunlop Rudolffi, Sergio (Autor)
Format: Llibre
Idioma:espanyol
Publicat: Santiago Jurídica de Chile 1981
Matèries:
Etiquetes: Afegir etiqueta
Sense etiquetes, Sigues el primer a etiquetar aquest registre!

MARC

LEADER 00000nam a2200000 a 4500
001 UCS0971
003 CL-VaPUC
008 970506e19810000CL |||||||||||||||||spa|d
082 0 4 |a 345.06  |b DUN  |2 21 
100 0 |a Dunlop Rudolffi, Sergio  |e author  |9 384926 
245 1 0 |a Nuevas orientaciones de la prueba 
300 |a 210 p 
942 |c BK 
945 |d 19970506 00:00:00  |a cmena 
260 |a Santiago  |b Jurídica de Chile  |c 1981 
650 0 |a Prueba  |9 256247 
650 0 |a Derecho procesal penal   |9 256392 
650 7 |a DERECHO PENAL  |2 CL-VaPUC  |9 11 
650 0 |a Derecho procesal civil  |9 258071 
650 7 |a RESPONSABILIDAD CIVIL  |2 CL-VaPUC  |9 384927 
650 0 |a Interpretación jurídica  |9 380837 
583 |a last modification  |c 19970506 00:00:00  |k Rodrigo Vera 
999 |c 259086  |d 259084 
952 |0 0  |1 0  |4 0  |6 345_060000000000000_DUN_1981  |7 0  |8 A  |9 283636  |a BIBDER  |b BIBDER  |d 2019-11-19  |i 1842188  |o 345.06 DUN 1981  |p 1842188  |r 2023-01-25  |w 2019-11-19  |y BK  |k DER